| 000 | 00559nam a22001817a 4500 | ||
|---|---|---|---|
| 005 | 20240709121046.0 | ||
| 008 | 240709b |||||||| |||| 00| 0 eng d | ||
| 020 | _a9780470624579 | ||
| 082 |
_a697 _bMIT-P |
||
| 100 | _aMitchell;John.W | ||
| 245 |
_aPrincipal of Heating, Ventilation,and Air Conditioning in Buildings / _cby Mitchell John W. ;James E. Braun |
||
| 260 |
_aUSA : _bJohn & Wiley ; _c2013 . |
||
| 300 |
_axxiii, 600 p : _c26 cm. |
||
| 500 | _aIncludes Index | ||
| 650 | _aMechanical / Engineering | ||
| 700 | _aBraun,James E. | ||
| 999 |
_c36084 _d36084 |
||